Current NBA Players by Number - Statistics

General Stats
  • This quiz has been taken 45 times
  • The average score is 18 of 32
Answer Stats
Number Team Player % Correct
2 Cavaliers Kyrie Irving
87%
30 Warriors Stephen Curry
87%
00 Magic Aaron Gordon
85%
21 Bulls Jimmy Butler
82%
7 Raptors Kyle Lowry
82%
13 Pacers Paul George
82%
0 Thunder Russel Westbrook
82%
11 Warriors Klay Thompson
79%
23 Cavaliers LeBron James
79%
1 Suns Devin Booker
74%
10 Raptors DeMar DeRozan
72%
4 Celtics Isaiah Thomas
72%
15 Hornets Kemba Walker
72%
3 Bulls Dwayne Wade
69%
6 Knicks Kristaps Porzingis
67%
12 Spurs Lamarcus Aldridge
67%
25 Knicks Derrick Rose
64%
22 Timberwolves Andrew Wiggins
59%
26 Cavaliers Kyle Korver
56%
27 Jazz Rudy Gobert
56%
20 Jazz Gordon Hayward
54%
8 Hawks Dwight Howard
51%
5 Thunder Victor Oladipo
49%
14 Lakers Brandon Ingram
38%
16 Spurs Pau Gasol
38%
17 Hawks Dennis Schroder
31%
9 Warriors Andre Igoudala
26%
24 Hawks Kent Bazemore
13%
19 Suns Leandro Barbossa
8%
28 Lakers Tarik Black
8%
18 Hornets Miles Plumlee
5%
29 Magic Patricio Garcia
5%
No matching quizzes found
Score Distribution
Percent of People with Each Score
Percentile by Number Answered
Your Score History
You have not taken this quiz